Lost - Linkin Park - All Lyrics - Statistics

General Stats
  • This quiz has been taken 164 times
  • The average score is 160 of 187
Answer Stats
Answer % Correct
I
100%
in
100%
lost
100%
Lost
100%
lost)
100%
me
100%
I'm
98%
(I'm
98%
a
97%
be
97%
my
97%
inside
95%
inside,
95%
own
95%
memories
93%
the
93%
confusion
92%
this
92%
will
90%
I'll
89%
illusion
89%
all
87%
Living
87%
never
87%
these
87%
is
85%
Just
85%
of
85%
But
84%
but
84%
pain
84%
to
84%
behind
82%
dignity
82%
away
80%
break
80%
try
80%
alright
79%
it
79%
keep
79%
'Cause
77%
know
77%
alone
75%
And
75%
and
75%
when
75%
always
74%
cannot
70%
Something
70%
down
69%
Even
69%
I've
69%
repair
69%
scar
69%
afraid
67%
tired,
67%
somewhere
66%
isn't
64%
there
64%
yesterday
64%
damage
62%
pretend
62%
received
62%
though
59%
Where
56%
they
52%
trapped
51%
made
49%
Broken
48%
promises
48%
believed
46%
how
46%
blindly
39%
No matching quizzes found
Score Distribution
Percent of People with Each Score
Percentile by Number Answered
Your Score History
You have not taken this quiz